书目信息 |
| 题名: |
盛开
|
|
| 作者: | 王丹阳 著 | |
| 分册: | ||
| 出版信息: | 北京 中国社会出版社 2010.12 |
|
| 页数: | 253页 | |
| 开本: | 24cm | |
| 丛书名: | ||
| 单 册: | ||
| 中图分类: | I217.62 | |
| 科图分类: | ||
| 主题词: | 当代文学 , 中国文学--当代文学--作品集 , 中国文学 | |
| 电子资源: | ||
| ISBN: | 978-7-5087-3319-7 | |
| 000 | 00685nam0 2200253 450 | |
| 001 | 1232630535 | |
| 005 | 20120109090410.87 | |
| 010 | @a978-7-5087-3319-7@dCNY48.00 | |
| 090 | @aI217.6@bwdy | |
| 096 | @aI217.2@bwdy | |
| 100 | @a20110224d2010 em y0chiy50 ea | |
| 101 | 0 | @achi |
| 102 | @aCN@b110000 | |
| 105 | @aa z 000zy | |
| 200 | 1 | @a盛开@b专著@f王丹阳著@9sheng kai |
| 210 | @a北京@c中国社会出版社@d2010.12 | |
| 215 | @a253页@c图@d24cm | |
| 606 | 0 | @a当代文学 |
| 606 | 0 | @a中国文学@x当代文学@x作品集 |
| 606 | 0 | @a中国文学 |
| 690 | @aI217.62@v4 | |
| 701 | 0 | @a王丹阳@c(女,@f1986~)@4著@9wang dan yang |
| 801 | 0 | @aCN@b110017@c20110212 |
| 905 | @aZUCC@dI217.62@eW148 | |
| 盛开/王丹阳著.-北京:中国社会出版社,2010.12 |
| 253页:图;24cm |
| ISBN 978-7-5087-3319-7:CNY48.00 |
| ● |
| 相关链接 |
|
|
|
正题名:盛开
索取号:I217.62/W148
 
预约/预借
| 序号 | 登录号 | 条形码 | 馆藏地/架位号 | 状态 | 备注 |
| 1 | 481299 | 204812998 | 文学库108/108文学库 15排10列3层/ [索取号:I217.62/W148] | 在馆 | |
| 2 | 481300 | 204813005 | 文学库108/108文学库 15排10列3层/ [索取号:I217.62/W148] | 在馆 | |
| 3 | 481301 | 204813014 | 文学库108/400B社科库 23排2列5层/ [索取号:I217.62/W148] | 在馆 |